A magyar szürrealizmus irodalma
Elmentve itt :
| Szerző: | |
|---|---|
| Adatforrás: | Meister |
| Forrásdokumentuma: | Korunk. - 7 sz., 1999, 91-101 p. |
| Nyelv: | magyar |
| Kulcsszavak: | irodalomtörténet irodalomelmélet színháztörténet sajtó szürrealizmus magyar szürrealizmus ILLYÉS Gyula JÓZSEF Attila DÉRY Tibor KASSÁK Lajos PALASOVSZKY Ödön Tett Ma Kassai Napló Dokumentum Nyugat |
| LEADER | 00768nab a2200301 i 4500 | ||
|---|---|---|---|
| 001 | bibPRO00003665 | ||
| 008 | 060524s1999 xx hun | ||
| 040 | |a Sz1 | ||
| 041 | |a hun | ||
| 100 | 1 | |a KÁNYÁDI András | |
| 245 | 1 | 2 | |a A magyar szürrealizmus irodalma |c KÁNYÁDI András |
| 695 | |a irodalomtörténet | ||
| 695 | |a irodalomelmélet | ||
| 695 | |a színháztörténet | ||
| 695 | |a sajtó | ||
| 695 | |a szürrealizmus | ||
| 695 | |a magyar szürrealizmus | ||
| 695 | |a ILLYÉS Gyula | ||
| 695 | |a JÓZSEF Attila | ||
| 695 | |a DÉRY Tibor | ||
| 695 | |a KASSÁK Lajos | ||
| 695 | |a PALASOVSZKY Ödön | ||
| 695 | |a Tett | ||
| 695 | |a Ma | ||
| 695 | |a Kassai Napló | ||
| 695 | |a Dokumentum | ||
| 695 | |a Nyugat | ||
| 773 | 0 | |t Korunk. - |g 7 sz., 1999, 91-101 p. | |